Pollen: Biology, biochemistry management (Record no. 33306)

MARC details
000 -LEADER
fixed length control field 00347nam a2200133Ia 4500
082 ## - DEWEY DECIMAL CLASSIFICATION NUMBER
Classification number 581.331.2
Item number STA;1
100 ## - MAIN ENTRY--AUTHOR NAME
Personal name LINSKENS, H F
245 #0 - TITLE STATEMENT
Title Pollen: Biology, biochemistry management
260 ## - PUBLICATION, DISTRIBUTION, ETC. (IMPRINT)
Place of publication Berlin
Name of publisher Springer
Year of publication 1974
650 ## - SUBJECT ADDED ENTRY--TOPICAL TERM
Topical Term Pollen biology
700 ## - ADDED ENTRY--PERSONAL NAME
Personal name STANLEY, R G
942 ## - ADDED ENTRY ELEMENTS (KOHA)
Koha item type Books
Holdings
Withdrawn status Lost status Damaged status Not for loan Home library Current library Date acquired Full call number Accession Number Koha item type
        RRII Library RRII Library 16/12/2021 581.331.2 STA;1 13805 Books